000 01273nam a22002897a 4500
005 2011080406576.0
008 090728t xxu||||| |||| 00| 0 pun d
010 _aPUN-6956
020 _c225.00
_a9788179143469 x
035 _aPN-6074
037 _bDBAD / PUB
040 _adpl
_bpn
082 _a853.08
100 _924414
_aਗਿੱਲ ਮੋਰਾਂਵਾਲੀ
245 _aਅੰਮੀ ਜਾਈ ਕੀ ਕਰੇ :
_cਗਿੱਲ ਮੋਰਾਂਵਾਲੀ, ਜੀਤ ਦੇਵਿੰਦਰ ਕੋਰ ਦ੍ਵਾਰਾ ਸੰਪਾਦਿਤ
_bਪ੍ਰਸੰਗ ਤੇ ਪਾਠ /
246 _aAmee Jae Kee Kare: Parsang te paath
_bby Gill Moranwali
260 _aChandigarh
_bTarlochan Publishers
_c2010
270 _a3236, Sector-15-D,
_bChandigarh
_k0172-4613236
300 4 _a144 ਸਫੇ
_c22ਸੇਮੀ (ਸਜਿਲੱਦ)
500 _aSame ISBN No-9788179143469 Title- ਅੰਮੀ ਜਾਈ ਕੀ ਕਰੇ /
600 _931401
650 _924412
650 _924431
700 _931690
942 _2ddc
_cPN
_h853.08
_mਗਿੱਲਮੋ
999 _c55226
_d55226